Angličtina polopate názorný prehľad gramatiky jazyka anglického : systém drilových cvičení + preklad v anglickom jazyku : cvičebnica na výuku jazyka anglického 1. diel

Bibliographic Details
Main Author: Hofmanová, Alena, 1961- (Author)
Format: Book
Language:English
PhysicalDescription:83 s. 30 cm
Published: [Senica Alena Hofmanová] 2004
ISBN:8096903292
Edition:[1. vyd.]
Subjects:

MARC

LEADER 00000nam a2200000 a 4500
001 vtls001480296
003 SK-MaSNL
005 20260425225341.0
008 240318s2004 xo g p 00000 eng
015 |a SNBA2008/05-02142 
020 |a 8096903292  |q (brož.) 
035 |a SNK000435594 
040 |a SNK  |b slo  |c SNK  |e AACR2 
041 0 |a eng 
044 |a xo  |c SK 
072 7 |a 811.111  |x Angličtina  |2 konspekt 
080 |a 811.111  |2 MDT-MRF 
080 |a 81`36  |2 MDT-MRF 
080 |a 371.3  |2 MDT-MRF 
080 |a (075)  |2 MDT-MRF 
080 |a (076.5)  |2 MDT-MRF 
100 1 |a Hofmanová, Alena,  |d 1961-  |4 aut  |9 162828 
245 1 0 |a Angličtina polopate  |b názorný prehľad gramatiky jazyka anglického : systém drilových cvičení + preklad v anglickom jazyku : cvičebnica na výuku jazyka anglického  |c Alena Hofmanová  |n 1. diel 
250 |a [1. vyd.] 
260 |a [Senica  |b Alena Hofmanová]  |c 2004 
300 |a 83 s.  |c 30 cm 
500 |a Názov z obalu 
500 |a Vydavateľstvo podľa ISBN 
500 |a Hrebeňová väzba 
650 0 7 |a angličtina  |2 SNKPH  |9 1260 
650 0 7 |a gramatika  |2 SNKPH  |9 865 
650 0 7 |a vyučovanie  |2 SNKPH  |9 1522 
655 7 |a učebnice  |2 SNKPH  |9 22521 
655 7 |a praktické cvičenia  |2 SNKPH  |9 70517 
919 |a 80-969032-9-2 
958 |a OND 
968 |d 81 
999 |c 645849  |d 647779 
952 |t P60, <03>, [BOOK], {603}, -K-  |a SNK  |b SNK  |y PREZ  |7 0  |p 17A0439845  |o snkSB 69085/1  |i snkKSP 11034/2004  |g 13.28  |0 0  |1 0  |4 0  |d 2004-08-19  |l 0  |r 2025-04-23 00:00:00  |w 2026-02-23